ბათუმის შოთა რუსთაველის სახელმწიფო უნივერსიტეტის ბიბლიოთეკა

Zeitspuren : (ბიბ.ჩანაწერი № 60884)

000 -LEADER
fixed length control field 00493nam a22001697a 4500
005 - DATE AND TIME OF LATEST TRANSACTION
control field 20231114161107.0
008 - FIXED-LENGTH DATA ELEMENTS--GENERAL INFORMATION
fixed length control field 231114s1993 gw ||||| |||| 00| 0 ger d
020 ## - INTERNATIONAL STANDARD BOOK NUMBER
International Standard Book Number 3929140012
041 ## - LANGUAGE CODE
Language code of text/sound track or separate title ger
080 ## - UNIVERSAL DECIMAL CLASSIFICATION NUMBER
Universal Decimal Classification number 902/904 S-20
100 ## - MAIN ENTRY--PERSONAL NAME
Personal name Sangmeister, E.
9 (RLIN) 20371
245 ## - TITLE STATEMENT
Title Zeitspuren :
Remainder of title Archäologisches aus Baden /
Statement of responsibility, etc. Sangmeister E.
264 ## - PRODUCTION, PUBLICATION, DISTRIBUTION, MANUFACTURE, AND COPYRIGHT NOTICE
Place of production, publication, distribution, manufacture Freiburg:
Name of producer, publisher, distributor, manufacturer Kehrer,
Date of production, publication, distribution, manufacture, or copyright notice 1993.
300 ## - PHYSICAL DESCRIPTION
Extent 238 p.:
Other physical details ill.;
Dimensions 24 cm.
653 ## - INDEX TERM--UNCONTROLLED
keyword არქეოლოგია
942 ## - ADDED ENTRY ELEMENTS (KOHA)
Source of classification or shelving scheme
Koha item type წიგნი
ეგზემპლარები
Withdrawn status Lost status Source of classification or shelving scheme Damaged status Not for loan Permanent Location Current Location Shelving location Date acquired Cost, normal purchase price Full call number Barcode Date last seen Copy number Uniform Resource Identifier Price effective from Koha item type Public note
          ბათუმის შოთა რუსთაველის სახელმწიფო უნივერსიტეტის მთავარი ბიბლიოთეკა ბათუმის შოთა რუსთაველის სახელმწიფო უნივერსიტეტის მთავარი ბიბლიოთეკა წიგნსაცავი 2023-11-14 10.00 902/904 S-20 65437 2023-11-14 65437 ბსუ-ს საპატიო დოქტორის გურამ ლორთქიფანიძის საჩუქარი 2023-11-14 წიგნი 10 ლ.